000 00263nam a22001217a 4500
008 210301b ||||| |||| 00| 0 eng d
041 _aeng
080 _a311
100 _a55
101 _aSTA
245 _aPsychological Statistics
_cMcNemar,Q
942 _2udc
_cBK
999 _c55377
_d55377